[Event "chess.com SpeedChess Q1KO"]
[Site "chess.com INT"]
[Date "2022.11.11"]
[Round "1.10"]
[White "Paravyan, David"]
[Black "Martinez Alcantara, Jose Eduardo"]
[Result "1/2-1/2"]
[WhiteTitle "GM"]
[BlackTitle "GM"]
[WhiteElo "2586"]
[BlackElo "2597"]
[WhiteFideId "4194985"]
[BlackFideId "3805662"]
[EventDate "2022.11.11"]

1. e4 e5 2. Nf3 Nc6 3. Nc3 Nf6 4. d4 exd4 5. Nxd4 Bb4 6. Nxc6 bxc6 7. Bd3 O-O 8.
O-O Re8 9. Qf3 h6 10. h3 d6 11. Na4 Nd7 12. a3 Ba5 13. b4 Bb6 14. Bb2 Ne5 15.
Qg3 Qg5 16. Kh2 Qxg3+ 17. Kxg3 Bd7 18. Nxb6 axb6 19. a4 Nxd3 20. cxd3 c5 21. a5
cxb4 22. axb6 cxb6 23. Bd4 Bb5 24. Rxa8 Rxa8 25. Rb1 Ra3 26. Rxb4 Bxd3 27. Rxb6
Bxe4+ 28. f3 d5 29. Kf4 Bg6 30. h4 h5 31. Rb5 Ra2 32. g3 Ra4 33. Rxd5 f6 34.
Rd8+ Kh7 35. g4 Bf7 36. g5 fxg5+ 37. Kxg5 Ra5+ 38. Kf4 Be6 39. Re8 Bf7 40. Re7
Kg6 41. Rc7 Rf5+ 42. Ke3 Rd5 43. f4 Rb5 44. Rc6+ Kf5 45. Bxg7 Rb3+ 46. Rc3 Rxc3+
47. Bxc3 Kg4 48. Bf6 Kf5 49. Bg5 Bb3 50. Kd4 1/2-1/2

[Event "chess.com SpeedChess Q1KO"]
[Site "chess.com INT"]
[Date "2022.11.11"]
[Round "1.11"]
[White "Dubov, Daniil"]
[Black "Mamedov, Rauf"]
[Result "0-1"]
[WhiteTitle "GM"]
[BlackTitle "GM"]
[WhiteElo "2708"]
[BlackElo "2646"]
[WhiteFideId "24126055"]
[BlackFideId "13401653"]
[EventDate "2022.11.11"]

1. e4 c5 2. Nf3 d6 3. c3 Nf6 4. g3 g6 5. d3 Bg7 6. Bg2 O-O 7. O-O Nc6 8. a4 Rb8
9. Re1 e5 10. Nbd2 a6 11. Nc4 h6 12. a5 Be6 13. Nfd2 Re8 14. h3 Rc8 15. Kh2 d5
16. Nb6 Rc7 17. exd5 Nxd5 18. Ndc4 Nxb6 19. axb6 Rd7 20. Bxc6 Rxd3 21. Qa4 bxc6
22. Qxa6 h5 23. Be3 h4 24. g4 e4 25. b7 Kh7 26. Qxc6 Bxc4 27. Ra8 Be5+ 28. Kg2
Bb8 29. Rea1 Bd5 30. Qf6 Qxf6 0-1

[Event "chess.com SpeedChess Q1KO"]
[Site "chess.com INT"]
[Date "2022.11.11"]
[Round "1.11"]
[White "Le, Tuan Minh"]
[Black "Chigaev, Maksim"]
[Result "0-1"]
[WhiteTitle "IM"]
[BlackTitle "GM"]
[WhiteElo "2542"]
[BlackElo "2632"]
[WhiteFideId "12401153"]
[BlackFideId "4108116"]
[EventDate "2022.11.11"]

1. d4 Nf6 2. Nf3 g6 3. Bg5 Bg7 4. Nbd2 O-O 5. c3 d6 6. e4 Nc6 7. Bc4 Qe8 8. O-O
Nd7 9. Re1 e5 10. Nf1 Kh8 11. Ng3 Nb6 12. Bb3 Bg4 13. d5 Ne7 14. h3 Bxf3 15.
Qxf3 Ng8 16. Bc2 f6 17. Be3 Bh6 18. a4 Nc8 19. Bxh6 Nxh6 20. Qe3 Kg7 21. c4 b6
22. a5 Ne7 23. b4 f5 24. exf5 gxf5 25. Qg5+ Qg6 26. Qxe7+ Rf7 27. Qh4 Rg8 28.
axb6 axb6 29. Qh5 Qf6 30. Ra3 Kh8 31. Rf3 f4 32. Ne4 Qg7 33. Ng3 Rf6 34. Be4 Qf8
35. Ne2 Rf7 36. Nxf4 Rxf4 37. Rxf4 Qxf4 38. Qf3 Qg5 39. c5 bxc5 40. bxc5 Qg7 41.
cxd6 cxd6 42. Rc1 Nf7 43. Rc7 Ng5 44. Qc3 Nxe4 45. Rxg7 Nxc3 46. Rd7 Rg6 0-1

[Event "chess.com SpeedChess Q1KO"]
[Site "chess.com INT"]
[Date "2022.11.11"]
[Round "1.11"]
[White "Martinez Alcantara, Jose Eduardo"]
[Black "Paravyan, David"]
[Result "0-1"]
[WhiteTitle "GM"]
[BlackTitle "GM"]
[WhiteElo "2597"]
[BlackElo "2586"]
[WhiteFideId "3805662"]
[BlackFideId "4194985"]
[EventDate "2022.11.11"]

1. e4 e5 2. Nf3 Nf6 3. Nxe5 d6 4. Nf3 Nxe4 5. Nc3 Nxc3 6. dxc3 Be7 7. Be3 O-O 8.
Qd2 Nd7 9. O-O-O Nf6 10. Bd3 Re8 11. Rhe1 Bg4 12. h3 Bxf3 13. gxf3 d5 14. Rg1
Qd6 15. Rg5 Rad8 16. h4 c5 17. Rdg1 Bf8 18. Bf4 Qc6 19. h5 Kh8 20. Be5 h6 21.
Rf5 Re6 22. f4 c4 23. Be2 Ne4 24. Qe3 f6 25. Bd4 Rde8 26. Bg4 Nd6 27. Qg3 Re1+
28. Rxe1 Rxe1+ 29. Kd2 Re8 30. Qg2 Ne4+ 31. Kd1 Bc5 32. Bf3 Bxd4 33. cxd4 Nc3+
34. bxc3 Qe6 35. Re5 fxe5 36. fxe5 Rd8 37. Bg4 Qa6 38. f4 Qxa2 39. f5 Qa1+ 40.
Kd2 b5 41. e6 b4 42. Qf3 bxc3+ 43. Qxc3 Qxc3+ 44. Kxc3 Kg8 45. Kb4 Kf8 46. Kc5
Ke7 47. Bf3 Rc8+ 48. Kxd5 a5 49. Ke5 a4 50. Bb7 a3 51. d5 Rc5 52. Kd4 Rxd5+ 53.
Bxd5 a2 0-1

[Event "chess.com SpeedChess Q1KO"]
[Site "chess.com INT"]
[Date "2022.11.11"]
[Round "1.11"]
[White "Sarana, Alexey"]
[Black "Lazavik, Denis"]
[Result "1-0"]
[WhiteTitle "GM"]
[BlackTitle "IM"]
[WhiteElo "2668"]
[BlackElo "2529"]
[WhiteFideId "24133795"]
[BlackFideId "13515110"]
[EventDate "2022.11.11"]

1. c4 Nf6 2. Nc3 e5 3. g3 Bb4 4. Bg2 O-O 5. Nf3 d6 6. O-O Re8 7. d3 h6 8. Bd2 a5
9. a3 Bc5 10. e3 Nc6 11. Ne4 Nxe4 12. dxe4 a4 13. Bc3 Be6 14. Nd2 Na5 15. Qe2 c6
16. Kh1 Qd7 17. f4 f6 18. f5 Bf7 19. Bf3 Nb3 20. Nxb3 axb3 21. Rac1 Ra4 22. Bd2
b5 23. cxb5 cxb5 24. Bh5 Bxh5 25. Qxh5 Qf7 26. Qxf7+ Kxf7 27. Rc3 b4 28. Rc4 Rb8
29. axb4 Bb6 30. Rb1 Ra2 31. Rc3 Ke7 32. Kg2 Kd7 33. Kf3 Rc8 34. Rxb3 Rc2 35.
Ke2 Rc8 36. Kd3 Rca8 37. Rc1 R2a4 38. Bc3 Ra2 39. Rd1 Kc6 40. b5+ Kd7 41. Bb4
R2a4 42. Ke2 Bc7 43. Bxd6 Bxd6 44. Rbd3 Rb4 45. Rxd6+ Ke7 46. Rd7+ Kf8 47. R1d5
Rxb2+ 48. Kf3 h5 49. h4 Kg8 50. Rd8+ Rxd8 51. Rxd8+ Kf7 52. Rb8 Ke7 53. b6 Kf7
54. b7 Rb1 55. g4 hxg4+ 56. Kxg4 Rb2 57. Kf3 Rb1 58. h5 Rb2 59. h6 gxh6 60. Rh8 1-0

[Event "chess.com SpeedChess Q1KO"]
[Site "chess.com INT"]
[Date "2022.11.11"]
[Round "1.12"]
[White "Chigaev, Maksim"]
[Black "Le, Tuan Minh"]
[Result "0-1"]
[WhiteTitle "GM"]
[BlackTitle "IM"]
[WhiteElo "2632"]
[BlackElo "2542"]
[WhiteFideId "4108116"]
[BlackFideId "12401153"]
[EventDate "2022.11.11"]

1. Nf3 Nf6 2. c4 c6 3. g3 d5 4. Bg2 g6 5. O-O Bg7 6. d4 O-O 7. Nc3 dxc4 8. e4
Bg4 9. h3 Bxf3 10. Bxf3 e6 11. Be3 Nbd7 12. Qe2 b5 13. Rad1 Qc7 14. e5 Nd5 15.
h4 Rae8 16. Bc1 Nxc3 17. bxc3 f6 18. exf6 Nxf6 19. h5 Nxh5 20. Bxh5 gxh5 21.
Qxh5 Qf7 22. Qc5 Qd7 23. Qh5 Rf5 24. Qe2 Qd5 25. f4 Kh8 26. a3 Rg8 27. g4 Rf6
28. Rf2 Rh6 29. Rg2 Rh3 30. Bd2 c5 31. dxc5 Qxc5+ 32. Qf2 Qxf2+ 33. Kxf2 Rd8 34.
Ke2 Rhd3 35. Rgg1 Kg8 36. f5 exf5 37. gxf5 Kf7 38. Rxg7+ Kxg7 39. Rg1+ Kf7 40.
Bg5 Rg8 0-1

[Event "chess.com SpeedChess Q1KO"]
[Site "chess.com INT"]
[Date "2022.11.11"]
[Round "1.12"]
[White "Lazavik, Denis"]
[Black "Sarana, Alexey"]
[Result "0-1"]
[WhiteTitle "IM"]
[BlackTitle "GM"]
[WhiteElo "2529"]
[BlackElo "2668"]
[WhiteFideId "13515110"]
[BlackFideId "24133795"]
[EventDate "2022.11.11"]

1. d4 Nf6 2. c4 e6 3. Nf3 d5 4. g3 Bb4+ 5. Bd2 Be7 6. Bg2 O-O 7. O-O Nbd7 8. Qc2
c6 9. Rc1 Ne4 10. e3 f5 11. Nc3 Bd6 12. Rab1 Qe7 13. Be1 Kh8 14. Ne2 g5 15. b4
g4 16. Nd2 Ndf6 17. b5 Bd7 18. bxc6 Bxc6 19. Nb3 dxc4 20. Qxc4 Bd5 21. Qd3 Ng5
22. Nd2 Bxg2 23. Kxg2 b6 24. Qa6 Qd7 25. Rc2 Rad8 26. Rbc1 h5 27. Nc4 Bb8 28.
Ng1 Qd5+ 29. Kf1 Qh1 30. Bb4 Nh3 31. Ke2 Nxg1+ 32. Kd3 Qe4+ 33. Kc3 Nd5+ 34. Kb3
Nxb4 35. Kxb4 Nf3 36. Kb3 e5 37. d5 Qxd5 38. Kb2 e4 39. Kb1 Ne5 40. Nb2 Nd3 41.
Rd1 Be5 42. Nc4 Bg7 43. Qxa7 Qb5+ 0-1

[Event "chess.com SpeedChess Q1KO"]
[Site "chess.com INT"]
[Date "2022.11.11"]
[Round "1.12"]
[White "Paravyan, David"]
[Black "Martinez Alcantara, Jose Eduardo"]
[Result "1/2-1/2"]
[WhiteTitle "GM"]
[BlackTitle "GM"]
[WhiteElo "2586"]
[BlackElo "2597"]
[WhiteFideId "4194985"]
[BlackFideId "3805662"]
[EventDate "2022.11.11"]

1. e4 e5 2. Nf3 Nc6 3. Nc3 Nf6 4. d4 exd4 5. Nxd4 Bb4 6. Nxc6 bxc6 7. Bd3 O-O 8.
O-O Re8 9. Bg5 Qe7 10. h3 Qe5 11. Qd2 d6 12. a3 Bxc3 13. bxc3 h6 14. Bh4 Nd7 15.
f4 Qa5 16. Rae1 Ba6 17. e5 Bxd3 18. Qxd3 Qd5 19. Qxd5 cxd5 20. exd6 cxd6 21. Be7
Rec8 22. Bxd6 Rxc3 23. Re7 Nf6 24. Be5 Rxc2 25. Bxf6 gxf6 26. Rf2 Rc3 27. Rd2
Rxa3 28. Rxd5 a5 29. Rd6 Kg7 30. Rdd7 Rf8 31. Ra7 h5 32. Reb7 Ra4 33. Rb5 h4 34.
Rbxa5 Rxf4 35. Ra4 Rxa4 36. Rxa4 Rh8 37. Kf2 Kg6 38. Kf3 f5 39. Rb4 Kg5 40. Rb7
Kg6 41. Rb4 f6 42. Ra4 Kg5 43. Ra7 Kg6 44. Ra4 Rh7 45. Rb4 Kg5 46. Rb8 Rc7 47.
Rg8+ Kh6 48. Rh8+ Kg5 49. Rg8+ Kh5 50. Kf4 Rc5 51. Rh8+ Kg6 52. Rxh4 Rc2 53. Kf3
Rc3+ 54. Kf2 Rc2+ 55. Kg3 Kg5 56. Ra4 Rc3+ 57. Kf2 Rc2+ 58. Kf3 Rc3+ 59. Kf2 f4
60. Ra5+ f5 61. Ra8 Rc2+ 62. Kf3 Rc3+ 63. Kf2 Rc2+ 64. Kf3 Rc3+ 65. Kf2 1/2-1/2

[Event "chess.com SpeedChess Q1KO"]
[Site "chess.com INT"]
[Date "2022.11.11"]
[Round "1.13"]
[White "Martinez Alcantara, Jose Eduardo"]
[Black "Paravyan, David"]
[Result "0-1"]
[WhiteTitle "GM"]
[BlackTitle "GM"]
[WhiteElo "2597"]
[BlackElo "2586"]
[WhiteFideId "3805662"]
[BlackFideId "4194985"]
[EventDate "2022.11.11"]

1. e4 e5 2. Nf3 Nf6 3. Nxe5 d6 4. Nf3 Nxe4 5. Nc3 Nxc3 6. dxc3 Be7 7. Be3 O-O 8.
Qd2 Bg4 9. O-O-O Nd7 10. h3 Bxf3 11. gxf3 c6 12. h4 d5 13. h5 Re8 14. h6 g6 15.
c4 Nb6 16. Kb1 Bf6 17. Qb4 Qe7 18. Qb3 Nxc4 19. Bxc4 dxc4 20. Qxc4 Rad8 21. Bxa7
b5 22. Qxc6 Rc8 23. Qd6 Bxb2 24. Qxe7 Rxe7 25. Bc5 Rec7 26. Kxb2 Rxc5 27. Rd2
Kf8 28. Re1 Rh5 29. Rd7 Kg8 30. Ree7 Rf8 31. Rb7 Rxh6 32. Rxb5 Rh2 33. a4 Rxf2
34. a5 Rc8 35. Kb3 Rcxc2 36. Kb4 Rb2+ 37. Kc5 Rxb5+ 38. Kxb5 Rxf3 39. a6 Ra3 40.
Re4 Kg7 41. Ra4 Rb3+ 42. Kc6 Rb8 43. a7 Re8 44. Rb4 Ra8 45. Kb7 Rxa7+ 46. Kxa7
f5 47. Kb6 Kf6 48. Kc5 Ke5 49. Kc4 Ke4 50. Kc3+ Ke3 51. Kc2 Ke2 52. Rb6 g5 53.
Re6+ Kf2 54. Re5 g4 55. Rxf5+ Ke2 56. Rg5 h5 57. Rg6 Kf2 58. Kd1 g3 59. Rf6+ Kg2
60. Ke1 h4 61. Re6 h3 62. Re2+ Kg1 63. Re3 Kg2 64. Re2+ Kg1 65. Re3 Kg2 66. Ke2
h2 67. Rxg3+ Kxg3 0-1

[Event "chess.com SpeedChess Q1KO"]
[Site "chess.com INT"]
[Date "2022.11.11"]
[Round "1.13"]
[White "Sarana, Alexey"]
[Black "Lazavik, Denis"]
[Result "0-1"]
[WhiteTitle "GM"]
[BlackTitle "IM"]
[WhiteElo "2668"]
[BlackElo "2529"]
[WhiteFideId "24133795"]
[BlackFideId "13515110"]
[EventDate "2022.11.11"]

1. d4 f5 2. c4 Nf6 3. Nc3 d6 4. Bg5 Nbd7 5. e3 g6 6. Bd3 Bg7 7. f3 O-O 8. Nge2
c6 9. O-O Qe8 10. Qd2 e5 11. Bh4 h6 12. Rae1 Qf7 13. h3 Re8 14. Qc2 Nf8 15. g4
N6h7 16. d5 Bd7 17. Ng3 g5 18. Nxf5 Bxf5 19. Bxf5 gxh4 20. Rd1 c5 21. Ne4 Qe7
22. f4 Nf6 23. Nf2 exf4 24. exf4 Qe3 25. Rd3 Qxf4 26. Qb3 Re2 27. Rf3 Qe5 28.
Qd1 Re8 29. Bb1 Re3 30. Kg2 Rxf3 31. Qxf3 Qg3+ 32. Qxg3 hxg3 33. Kxg3 Re3+ 34.
Kg2 Re2 35. b3 N8d7 36. Kf3 Rd2 37. Nd3 Nh7 38. h4 Ne5+ 39. Ke3 Rh2 40. Nf4
Nxg4+ 41. Kf3 Ne5+ 42. Kg3 Rd2 43. Bf5 Nf6 44. h5 Rxa2 45. Bc8 Rb2 46. Ng6 Rxb3+
47. Kf4 Nxg6+ 48. hxg6 h5 49. Ra1 a6 50. Kg5 Rg3+ 51. Kf5 Nxd5 52. Re1 Rf3+ 53.
Ke4 Re3+ 54. Rxe3 Nxe3 55. Kxe3 a5 56. Bd7 Bf6 57. Kf4 Kg7 58. Kf5 h4 59. Bc8 a4 0-1

[Event "chess.com SpeedChess Q1KO"]
[Site "chess.com INT"]
[Date "2022.11.11"]
[Round "1.14"]
[White "Lazavik, Denis"]
[Black "Sarana, Alexey"]
[Result "0-1"]
[WhiteTitle "IM"]
[BlackTitle "GM"]
[WhiteElo "2529"]
[BlackElo "2668"]
[WhiteFideId "13515110"]
[BlackFideId "24133795"]
[EventDate "2022.11.11"]

1. d4 d5 2. c4 e6 3. Nf3 Nf6 4. Nc3 c5 5. cxd5 cxd4 6. Qxd4 exd5 7. Bg5 Be7 8.
e3 Nc6 9. Qd3 O-O 10. Be2 Be6 11. O-O h6 12. Bh4 Qa5 13. Rfd1 Rfd8 14. Nb5 Nb4
15. Qd2 Ne4 16. Qe1 Bxh4 17. Nxh4 Rac8 18. Nf3 b6 19. a3 Nc2 20. Qxa5 bxa5 21.
Rac1 a6 22. Nbd4 Nxd4 23. Nxd4 Rxc1 24. Rxc1 Rb8 25. Rc2 Rb6 26. Bd3 a4 27. f3
Nf6 28. Kf2 Kf8 29. Ke2 Nd7 30. Kd2 Ke7 31. Kc1 Kd6 32. Rc3 Nc5 33. Bc2 Bd7 34.
Ne2 g5 35. g4 Rb8 36. Nd4 Re8 37. Bf5 Be6 38. Bc2 Rb8 39. Ne2 Bd7 40. Ng3 Re8
41. h3 Rb8 42. Nh5 Be6 43. Nf6 Rd8 44. Nh5 Rb8 45. Ng3 Bd7 46. Ne2 Be6 47. f4
Bd7 48. Nd4 Re8 49. Kd2 Rb8 50. Kc1 Re8 51. Bf5 Be6 52. Rc2 Rb8 53. Rf2 Rh8 54.
Bc2 Rb8 55. fxg5 hxg5 56. Rf6 Rh8 57. Rf3 Ke5 58. Rg3 Kd6 59. Nf3 f6 60. Nd4 Bd7
61. Rf3 Rh6 62. Kd2 Ke5 63. Ke2 Bb5+ 64. Kf2 Bd3 65. Ke1 Bxc2 66. Nxc2 Nd3+ 67.
Kd2 Nxb2 68. Kc3 Nc4 69. Kb4 Ke4 70. Rf1 Kd3 71. Rf2 Nxe3 72. Ne1+ Ke4 73. Kxa4
d4 74. Rd2 Rxh3 75. Nd3 Kd5 76. Nb4+ Kc4 77. Rd1 Kc3 78. Rd3+ Kc4 79. Rd1 Kc3
80. Rc1+ Kd2 81. Rc6 d3 82. Rd6 Nc2 83. Nd5 Rg3 84. Nxf6 Kc1 85. Ne4 Rxg4 86.
Kb3 Rxe4 87. Rxd3 Re3 0-1

[Event "chess.com SpeedChess Q1KO"]
[Site "chess.com INT"]
[Date "2022.11.11"]
[Round "2.1"]
[White "Le, Tuan Minh"]
[Black "Mamedov, Rauf"]
[Result "1/2-1/2"]
[WhiteTitle "IM"]
[BlackTitle "GM"]
[WhiteElo "2542"]
[BlackElo "2646"]
[WhiteFideId "12401153"]
[BlackFideId "13401653"]
[EventDate "2022.11.11"]

1. d4 Nf6 2. c4 g6 3. Nc3 Bg7 4. g3 O-O 5. Bg2 d6 6. Nf3 Nbd7 7. O-O e5 8. Qc2
exd4 9. Nxd4 Nb6 10. Rd1 Nxc4 11. Ncb5 a6 12. Qxc4 axb5 13. Nxb5 Ne8 14. Nc3 c6
15. e4 Be6 16. Qe2 Qa5 17. Bd2 Qb6 18. Be3 Qb4 19. Bg5 Nf6 20. a3 Qa5 21. Bf4 d5
22. exd5 Nxd5 23. Nxd5 Bxd5 24. Bxd5 cxd5 1/2-1/2

[Event "chess.com SpeedChess Q1KO"]
[Site "chess.com INT"]
[Date "2022.11.11"]
[Round "2.1"]
[White "Sarana, Alexey"]
[Black "Paravyan, David"]
[Result "0-1"]
[WhiteTitle "GM"]
[BlackTitle "GM"]
[WhiteElo "2668"]
[BlackElo "2586"]
[WhiteFideId "24133795"]
[BlackFideId "4194985"]
[EventDate "2022.11.11"]

1. c4 Nf6 2. Nc3 d5 3. cxd5 Nxd5 4. Nf3 g6 5. h4 Bg7 6. h5 Nc6 7. e3 Bf5 8. h6
Bf6 9. d4 Ndb4 10. e4 Bg4 11. Be3 Bxd4 12. Qe2 Bxe3 13. fxe3 Qd6 14. Rd1 Qg3+
15. Qf2 Qxf2+ 16. Kxf2 f6 17. Bc4 Ne5 18. Be2 Nbc6 19. Nd5 O-O-O 20. Nxe5 Nxe5
21. Nxe7+ Kb8 22. Nd5 Be6 23. Nc3 c6 24. Kg3 Kc7 25. Rhf1 Rxd1 26. Bxd1 Rf8 27.
Bb3 Bd7 28. Ne2 Kd6 29. Nd4 Ke7 30. Nf3 Ng4 31. Kf4 g5+ 32. Kg3 Nxe3 33. Re1 Ng4
34. e5 Nxe5 35. Nxe5 fxe5 36. Rxe5+ Kf6 37. Re3 Bf5 38. Rf3 Ke7 39. Re3+ Kf6 40.
Rf3 Ke5 41. Re3+ Be4 42. Bc2 Rf4 43. Re1 c5 44. Kh3 Rh4+ 45. Kg3 c4 46. Re2 b5
47. a3 a5 48. Kf2 b4 49. axb4 axb4 50. Ke1 Kd4 51. Rd2+ Bd3 52. Kf2 Rf4+ 53. Kg3
Ke3 0-1

[Event "chess.com SpeedChess Q1KO"]
[Site "chess.com INT"]
[Date "2022.11.11"]
[Round "2.2"]
[White "Mamedov, Rauf"]
[Black "Le, Tuan Minh"]
[Result "0-1"]
[WhiteTitle "GM"]
[BlackTitle "IM"]
[WhiteElo "2646"]
[BlackElo "2542"]
[WhiteFideId "13401653"]
[BlackFideId "12401153"]
[EventDate "2022.11.11"]

1. e4 c5 2. Nf3 Nf6 3. d3 Nc6 4. g3 g6 5. Bg2 Bg7 6. Nc3 O-O 7. O-O d6 8. Re1
Nd7 9. a4 Rb8 10. Ne2 a6 11. c3 b5 12. axb5 axb5 13. d4 b4 14. Be3 Bb7 15. Qd3
bxc3 16. bxc3 cxd4 17. cxd4 Nb4 18. Qb1 Ba6 19. Qd1 Bd3 20. Nc3 Nb6 21. Rc1 Ba6
22. Bf1 Bxf1 23. Rxf1 Nc4 24. Qe2 Nxe3 25. Qxe3 Qd7 26. Rb1 Rfc8 27. Kg2 h6 28.
Rfc1 Kh7 29. h4 Qg4 30. Ne2 e5 31. Rxc8 Qxc8 32. Rc1 Qb7 33. dxe5 dxe5 34. h5 g5
35. Nh2 f5 36. Qf3 fxe4 37. Qf5+ Kh8 38. Ng4 Nd3 39. Rf1 Rf8 40. Qg6 e3+ 41. f3
Rxf3 42. Rxf3 Ne1+ 43. Kf1 Qxf3+ 44. Kxe1 Qh1+ 45. Ng1 Qxg1+ 46. Ke2 Qg2+ 47.
Kd3 Qd2+ 48. Kc4 Qd4+ 49. Kb3 Qd5+ 50. Kc2 Qc4+ 51. Kb1 e2 52. Qe8+ Qg8 53.
Qxg8+ Kxg8 0-1

[Event "chess.com SpeedChess Q1KO"]
[Site "chess.com INT"]
[Date "2022.11.11"]
[Round "2.2"]
[White "Paravyan, David"]
[Black "Sarana, Alexey"]
[Result "1-0"]
[WhiteTitle "GM"]
[BlackTitle "GM"]
[WhiteElo "2586"]
[BlackElo "2668"]
[WhiteFideId "4194985"]
[BlackFideId "24133795"]
[EventDate "2022.11.11"]

1. e4 c5 2. Nf3 d6 3. d4 cxd4 4. Nxd4 Nf6 5. Nc3 a6 6. Bg5 e6 7. a3 Qb6 8. Be3
Qc7 9. g4 h6 10. h4 b5 11. Bg2 Bb7 12. g5 hxg5 13. hxg5 Rxh1+ 14. Bxh1 Nfd7 15.
g6 Ne5 16. Qh5 Nbc6 17. Nxc6 Bxc6 18. gxf7+ Qxf7 19. Qh3 Nc4 20. O-O-O Rc8 21.
Kb1 Be7 22. Bc1 Bd7 23. f4 a5 24. Ne2 b4 25. a4 e5 26. Qh8+ Bf8 27. fxe5 Nxe5
28. Nd4 Bxa4 29. Bg2 Bxc2+ 30. Nxc2 Qb3 31. Rd2 Nc4 32. Rf2 Na3+ 33. Nxa3 Rxc1+
34. Kxc1 Qe3+ 35. Rd2 Qe1+ 36. Rd1 Qe3+ 37. Kb1 bxa3 38. Qh5+ Ke7 39. Qxa5 axb2
40. Qc7+ Ke6 41. Bh3+ Ke5 42. Qa5+ Kf6 43. Qf5+ Ke7 44. Qe6+ 1-0

[Event "chess.com SpeedChess Q1KO"]
[Site "chess.com INT"]
[Date "2022.11.11"]
[Round "2.3"]
[White "Le, Tuan Minh"]
[Black "Mamedov, Rauf"]
[Result "1-0"]
[WhiteTitle "IM"]
[BlackTitle "GM"]
[WhiteElo "2542"]
[BlackElo "2646"]
[WhiteFideId "12401153"]
[BlackFideId "13401653"]
[EventDate "2022.11.11"]

1. d4 Nf6 2. Nf3 g6 3. Bg5 Bg7 4. Nbd2 d6 5. c3 Bf5 6. Qb3 O-O 7. e3 Nbd7 8. Be2
c5 9. O-O Rb8 10. a4 Ne4 11. Nxe4 Bxe4 12. Rfd1 cxd4 13. exd4 h6 14. Bh4 g5 15.
Bg3 Qb6 16. Qa2 a6 17. a5 Qc7 18. Re1 Bg6 19. Rad1 Nf6 20. h3 b5 21. axb6 Qxb6
22. Bd3 Bxd3 23. Rxd3 Qxb2 24. Qxa6 Nd5 25. Qc6 Qb3 26. Qd7 Rbd8 27. Qf5 e6 28.
Qe4 Qc2 29. Qe2 Qxe2 30. Rxe2 Rfe8 31. c4 Nb4 32. Rb3 Nc6 33. Rd2 Na5 34. Rc3
Bf8 35. Ra2 Nc6 36. d5 exd5 37. cxd5 Ne7 38. Rd3 Nf5 39. Bh2 Bg7 40. g4 Ne7 41.
Ra6 Ng6 42. Rxd6 Ra8 43. Rc6 Red8 44. d6 Bf8 45. d7 Ra7 46. Bc7 Ne7 47. Bxd8
Nxc6 48. Bf6 Bg7 49. d8=Q+ Nxd8 50. Rxd8+ Kh7 51. Bxg7 Kxg7 52. Rd3 1-0

[Event "chess.com SpeedChess Q1KO"]
[Site "chess.com INT"]
[Date "2022.11.11"]
[Round "2.3"]
[White "Sarana, Alexey"]
[Black "Paravyan, David"]
[Result "0-1"]
[WhiteTitle "GM"]
[BlackTitle "GM"]
[WhiteElo "2668"]
[BlackElo "2586"]
[WhiteFideId "24133795"]
[BlackFideId "4194985"]
[EventDate "2022.11.11"]

1. d4 Nf6 2. c4 g6 3. Nc3 d5 4. Nf3 Bg7 5. h4 c6 6. cxd5 cxd5 7. Bf4 Nc6 8. e3
O-O 9. Be2 Bg4 10. Qb3 Na5 11. Qb4 Ne4 12. Rc1 Rc8 13. O-O Nxc3 14. Rxc3 Rxc3
15. Qxc3 Nc6 16. b4 e5 17. dxe5 Re8 18. Qc5 Nxe5 19. Bxe5 Bxe5 20. Rd1 Bxf3 21.
Bxf3 Qxh4 22. Rxd5 Qh2+ 23. Kf1 Qh1+ 24. Ke2 Qa1 25. Rd2 Bc3 26. Rc2 Qe1+ 27.
Kd3 Bxb4 28. Qc7 Qf1+ 29. Kd4 Bf8 30. Qc4 Bg7+ 31. Kd5 Qa1 32. Qc7 b5 33. Kc5
Qf6 34. Bc6 Re5+ 35. Kb4 Bf8+ 36. Ka5 Kg7 37. Qb7 Re6 38. Bd5 Rb6 39. Qd7 Rd6
40. Qb7 Rb6 41. Qxa7 Be7 0-1

[Event "chess.com SpeedChess Q1KO"]
[Site "chess.com INT"]
[Date "2022.11.11"]
[Round "2.4"]
[White "Mamedov, Rauf"]
[Black "Le, Tuan Minh"]
[Result "1/2-1/2"]
[WhiteTitle "GM"]
[BlackTitle "IM"]
[WhiteElo "2646"]
[BlackElo "2542"]
[WhiteFideId "13401653"]
[BlackFideId "12401153"]
[EventDate "2022.11.11"]

1. e4 c5 2. Nf3 Nf6 3. e5 Nd5 4. c3 Nc6 5. Bc4 Nb6 6. Bb3 d5 7. exd6 e6 8. d4
cxd4 9. cxd4 Bxd6 10. Nc3 O-O 11. O-O Nb4 12. Ne4 Be7 13. Bf4 Bd7 14. Ne5 Bc6
15. Nxc6 Nxc6 16. Be3 Nd5 17. Nc3 Nxc3 18. bxc3 Rc8 19. d5 exd5 20. Bxd5 Bf6 21.
Qf3 Ne5 22. Qe4 b6 23. Rad1 Qc7 24. Bf4 Rfe8 25. Rfe1 Qxc3 26. Kh1 g6 27. Bh6
Bg7 28. Bf4 Bf6 29. Bh6 Bg7 30. Bf4 Bf6 1/2-1/2

[Event "chess.com SpeedChess Q1KO"]
[Site "chess.com INT"]
[Date "2022.11.11"]
[Round "2.4"]
[White "Paravyan, David"]
[Black "Sarana, Alexey"]
[Result "1/2-1/2"]
[WhiteTitle "GM"]
[BlackTitle "GM"]
[WhiteElo "2586"]
[BlackElo "2668"]
[WhiteFideId "4194985"]
[BlackFideId "24133795"]
[EventDate "2022.11.11"]

1. e4 c5 2. Nf3 d6 3. d4 cxd4 4. Nxd4 Nf6 5. Nc3 a6 6. Bg5 e6 7. a3 Nc6 8. Nxc6
bxc6 9. Qf3 Be7 10. O-O-O Qb6 11. Bc4 a5 12. Rhe1 h6 13. Be3 Qc7 14. Qg3 g5 15.
h4 gxh4 16. Qh2 Ng4 17. Qf4 Nxe3 18. fxe3 Rb8 19. Kb1 Bg5 20. Qf3 d5 21. Bb3 Qe5
22. exd5 cxd5 23. e4 d4 24. Ne2 Be3 25. Rf1 Rf8 26. Nxd4 Bxd4 27. Qd3 Rg8 28.
Qxd4 Qxd4 29. Rxd4 Rxg2 30. e5 h3 31. Rh4 h2 32. Ka2 Rg1 33. Bc4 Bb7 34. Rxh2
Rxf1 35. Bxf1 Be4 36. c4 a4 37. Rxh6 Ke7 38. Rh4 Bc2 39. b4 axb3+ 40. Kb2 Rc8
41. Rd4 Rc5 42. Bd3 Rxe5 43. Bxc2 bxc2 44. Kxc2 f5 45. a4 Kf6 46. Kc3 Kg5 47.
Kb4 f4 48. a5 f3 49. Rd1 f2 50. Rf1 Re2 51. a6 e5 52. a7 Ra2 53. Rxf2 Rxa7 54.
c5 e4 55. c6 e3 56. Re2 Kf4 57. Kc5 Kf3 58. Re1 Kf2 59. Rh1 e2 60. Rh2+ Kf3 61.
Rxe2 Kxe2 62. Kb6 Rh7 63. c7 Rh6+ 64. Kb7 Rh8 65. c8=Q Rxc8 66. Kxc8 1/2-1/2

[Event "chess.com SpeedChess Q1KO"]
[Site "chess.com INT"]
[Date "2022.11.11"]
[Round "2.5"]
[White "Le, Tuan Minh"]
[Black "Mamedov, Rauf"]
[Result "1/2-1/2"]
[WhiteTitle "IM"]
[BlackTitle "GM"]
[WhiteElo "2542"]
[BlackElo "2646"]
[WhiteFideId "12401153"]
[BlackFideId "13401653"]
[EventDate "2022.11.11"]

1. d4 d5 2. Nf3 Nf6 3. Bf4 c5 4. c3 Nc6 5. e3 Nh5 6. Bg5 h6 7. Bh4 g5 8. Nfd2
Ng7 9. Bg3 Nf5 10. Nf3 Bg7 11. Bd3 O-O 12. Nbd2 cxd4 13. cxd4 Nxg3 14. hxg3 Bg4
15. Qb3 Qb6 16. O-O Qxb3 17. Nxb3 Bxf3 18. gxf3 e5 19. dxe5 Nxe5 20. Be2 Nc4 21.
Rad1 Rfd8 22. Rc1 Rac8 23. e4 Nb6 24. Rxc8 Rxc8 25. exd5 Nxd5 26. Rd1 Rc2 27.
Bf1 Nb6 28. Rd8+ Bf8 29. Nd4 Rd2 30. b3 a5 31. a4 h5 32. Bh3 Na8 33. Rd5 Be7 34.
Nf5 Bb4 35. Rxd2 Bxd2 36. Nd6 b6 37. Nc4 Bb4 38. Bf5 Bc5 39. Kg2 Nc7 40. Be4 Kg7
41. Ne5 Ne8 42. Bd5 Nd6 43. f4 gxf4 44. gxf4 f6 45. Nd7 f5 46. Ne5 Bd4 47. Nd7
Bc5 48. Ne5 Bd4 49. Nd7 Bc5 1/2-1/2